000 00425nam a2200181Ia 4500
003 0STCL
008 150530s9999 xx 000 0 und d
040 _aSTCL
_cSTCL
100 _aPadmanabhan, T.
245 _aKatha Theerumbol Oru Vaanambadi Parakkunnu
250 _a1
260 _bUniveristy of Calicut
_c2003
300 _a0
546 _aMalayalam
942 _2ddc
_cBK
999 _c77929
_d77929
005 20220125171654.0